000 00612nam a2200241Ia 4500
003 OSt
005 20221007101411.0
006 a|||||r|||| 00| 0
007 ta
008 221006b |||||||| |||| 00| 0 eng d
024 _a6,386
037 _cTextual
040 _aLCO
_cLCO
_beng
041 _2eng
_aeng
082 _aV2,3:3, L2
100 _aSINGHVI L M
245 0 _aParliament and Administration in India.
260 _aDelhi
_bMetropolitan & Co.
_c1972
300 _a285
650 _aADMINISTRATION
942 _hV2,3:3, L2
_cTEXL
999 _c1175949
_d1175949